=LDR 00000nam 2200000 4500 =001 INLIS000000000014856 =005 20210721090055 =035 ##$$a 0010-061300000014856 =008 210721################g##########0#ind## =041 ##$$a Ind =082 ##$$a 120 =090 ##$$a 420, Mah e =100 ##$$a Mahal, Gabriel =245 1#$$a English for professional lawyers : $b Prinsip-prinsip dasar bahasa Inggris dalam penulisan dokumen hukum /$c Gabriel Mahal; Penyunting, Herman Sudrajat =260 ##$$a Jakarta :$b Kesaint Blank,$c 2000 =300 ##$$a viii, 197 hlm, ; $c 20 x 14 cm. =650 #4$$a Bahasa Inggris =700 #$$a Sudrajat, Herman =850 ##$$a NBPNMAT =084 ##$$a 120 MAH e =020 ##$$a 979-593-175-X =250 ##$$a cet.1 =990 ##$$a 30501050 =990 ##$$a 30501051 =990 ##$$a 30501052 =990 ##$$a 30501053 =990 ##$$a 30501051 =990 ##$$a 30501050 =990 ##$$a 30501052 =990 ##$$a 30501053 =990 ##$$a 30501050 =990 ##$$a 30501051 =990 ##$$a 30501052 =990 ##$$a 30501053 =990 ##$$a 30501052 =990 ##$$a 30501050 =990 ##$$a 30501051 =990 ##$$a 30501053 =990 ##$$a 30501053 =990 ##$$a 30501050 =990 ##$$a 30501051 =990 ##$$a 30501052